La capacidad guerrera de los araucanos: Sus armas y métodos militares. Publicado en la Revista Chilena de Historia y Geografía

Guardat en:
Dades bibliogràfiques
Autor principal: Latcham Cartwright, Ricardo Eduardo (Autor)
Format: Llibre
Idioma:espanyol
Publicat: Santiago Imprenta Universitaria 1915
Edició:1a. ed
Matèries:
Etiquetes: Afegir etiqueta
Sense etiquetes, Sigues el primer a etiquetar aquest registre!

MARC

LEADER 00000nam a2200000 a 4500
001 UCJ5150
003 CL-VaPUC
008 070124e19150528CL |||||||||||||||||spa|d
082 0 4 |a 983  |b LAT  |2 21 
100 |a Latcham Cartwright, Ricardo Eduardo   |e author  |9 320332 
245 1 3 |a La capacidad guerrera de los araucanos: Sus armas y métodos militares. Publicado en la Revista Chilena de Historia y Geografía 
250 |a 1a. ed 
300 |a 74 p 
942 |c BK 
945 |d 20070124 00:00:00  |a rinostro 
260 |a Santiago  |b Imprenta Universitaria  |c 1915 
650 0 |a Etnología   |9 258726 
650 0 |a Guerra de Arauco  |9 267618 
650 0 |a Cultura  |9 269059 
650 0 |a Araucanos  |9 314060 
650 0 |a Historia de Chile  |9 265473 
583 |a last modification  |c 20070124 00:00:00  |k Rodrigo Vera 
999 |c 321263  |d 321261 
952 |0 0  |1 0  |4 0  |6 983_000000000000000_LAT_1915  |7 0  |8 X  |9 399964  |a FDOBUD  |b FDOBUD  |d 2019-11-22  |i 1030698  |o 983 LAT 1915  |p 1030698  |r 2019-11-22  |w 2019-11-22  |y BK_X  |k BUD